[Event "Rayo"]
[Site "SchemingMind.com"]
[Date "2016.07.19"]
[Round "-"]
[White "Trevor Brotherton"]
[Black "Robert Bruce"]
[Result "1-0"]
[WhiteCountry "ENG"]
[BlackCountry "SCO"]
[WhiteElo "2516"]
[WhiteRD "91"]
[BlackElo "2260"]
[BlackRD "67"]
[GameID "401656"]

1. g3 e5 2. Bg2 d5 3. d3 Nc6 4. Nf3 f6 5. c3 Be6 6. O-O Bd6 7. Nbd2 Nge7 8. b4 O-O 9. e4 Qd7 10. exd5 Nxd5
11. Ne4 Be7 12. b5 Nb8 13. d4 Qxb5 14. dxe5 Nc6 15. a4 Qc4 16. exf6 Nxf6 17. Nfd2 Qd3 18. Rb1 Rab8 19. Nxf6+ Bxf6 20. Re1 Ne5
21. Rb5 Qd6 22. Re3 c5 23. Qe2 Qc7 24. f4 a6 25. fxe5 axb5 26. exf6 Bf7 27. Re7 Qd8 28. Qg4 Bg6 29. Ne4 Rxf6 30. Nxf6+ Kh8
31. Qe2 Ra8 32. Bh6 gxh6 33. Nd7 Qc7 34. Qe6 Ra6 35. Re8+ Bxe8 36. Qxe8+ Kg7 37. Qe7+
1-0